Rozhodujúce daňové a ekonomické stimuly hospodárskeho rastu (tzv. ekonomického zázraku) Írska

Írsko sa od druhej polovice 90-tych rokov zaraďuje medzi najvyspelejšie krajiny Európskej únie. Obdobie zahájenia ekonomického zázraku, stimuly pre rast ekonomiky, výdavky na výskum a vývoj, opatrenia na udržanie hospodárskej úrovne a pre ďalší rozvoj Írska.

Saved in:
Bibliographic Details
Main Author: Jurčíková, Božena
Format: Book Chapter
Language:Slovak
Subjects:
Tags: Add Tag
No Tags, Be the first to tag this record!

MARC

LEADER 00000naa a2200000 4500
001 r049576
005 20230927071905.4
041 0 |a slo 
044 |a SK 
245 1 0 |a Rozhodujúce daňové a ekonomické stimuly hospodárskeho rastu (tzv. ekonomického zázraku) Írska  |c Božena Jurčíková 
520 |a Írsko sa od druhej polovice 90-tych rokov zaraďuje medzi najvyspelejšie krajiny Európskej únie. Obdobie zahájenia ekonomického zázraku, stimuly pre rast ekonomiky, výdavky na výskum a vývoj, opatrenia na udržanie hospodárskej úrovne a pre ďalší rozvoj Írska. 
610 2 0 |a rozvoj hospodársky 
610 2 0 |a Írsko 
100 1 |a Jurčíková, Božena